G20 countries: Sudden Death - Statistics

General Stats
  • This quiz has been taken 253 times
    247 since last reset
  • The average score is 7 of 13
Answers on the Grid
Answers color-coded by a green-red scale on the quiz's grid according to % correct below.
South Korea
Saudi Arabia
South Africa
African Union
Turkey
Iran
NAFTA
Pakistan
Argentina
Colombia
Spain
Germany
France
Australia
New Zealand
Mexico
Cuba
Peru
Egypt
Brazil
Indonesia
Malaysia
Singapore
Russia
 
Answer Stats
Answer % Correct
France
73%
Germany
68%
Russia
63%
Australia
60%
Brazil
60%
South Korea
58%
Mexico
47%
Turkey
45%
South Africa
42%
Indonesia
41%
Argentina
40%
Saudi Arabia
37%
African Union
20%
No matching quizzes found
Score Distribution
Percent of People with Each Score
Percentile by Number Answered
Your Score History
You have not taken this quiz since the last reset